000 00881nac a22002777a 4500
001 BR9800641
003 BR-BrBNA
005 20240105122041.0
008 230509b bl.|||m| |||| 00| 0 por d
040 _aBR-BrBNA
_bpor
_cBiblioteca Nacional de Agricultura
072 _aH10
090 _a4020 BR9800641
100 1 _aOliveira, M.R.V. de
100 1 _aSilva, O.L.R. e
110 1 _aSecretaria de Defesa Agropecuaria, Brasilia, DF (Brasil)
_98722
245 1 _aPrevencao e controle da mosca branca, Bemisia argentifolii (Hemiptera, Aleyrodidae)
260 3 _aBrasilia, DF (Brasil):
_c1997.
300 _a16 p.
490 _aAlerta Fitossanitario (Brazil)
_vno. 1
_x
500 _a6 ref.; 7 illus.
650 _aMosca Branca
650 _aControle Quimico
650 _aControle Biologico
909 _a202312
_bLúcia Elande
_c55
_dLúcia Elande
942 _2AGRIS
_n0
_cMS
999 _c288924
_d288924